000 00404nam a2200169Ia 4500
008 230524s9999 xx 000 0 und d
020 _a9780143063148
082 _bHAZ
100 _aSanjoy Hazarika
_941758
245 0 _aWriting on the Wall
250 _a1
260 _aNew Delhi
_bPenguin
_c2008
300 _a161p;
500 _aQuantity Number: 1
650 _aMisalliance
_941759
942 _cBK
999 _c56203
_d56203